| 000 | 00398nam a2200169 i 4500 | ||
|---|---|---|---|
| 001 | bg | ||
| 100 | 1 | _aBOLEWSKI, Andrzej | |
| 245 | 0 |
_aPetrografia / _cA. Bolewski, W. Parachoniak. |
|
| 250 | _aWyd.2. | ||
| 260 |
_aWarszawa, _c1982. |
||
| 700 | 1 | _aPARACHONIAK, Włodzimierz | |
| 040 | _cBPK | ||
| 041 | _apol | ||
| 080 | _a552(07) | ||
| 942 | _cKS | ||
| 008 | s pl f |000 0 pol | ||
| 999 |
_c21793 _d21793 |
||
| 856 |
_uhttp://koha.tu.koszalin.pl/cgi-bin/koha/opac-detail.pl?biblionumber=21793 _yKatalog online BPK |
||